[Event "Werther Schloss op 26th"]
[Site "Werther"]
[Date "2023.04.01"]
[Round "4"]
[White "Fuellgrabe, Thomas"]
[Black "Matthes, Aaron"]
[Result "1-0"]
[WhiteElo "2207"]
[BlackElo "2239"]
[PlyCount "89"]
[EventDate "2023.03.30"]
[EventType "swiss"]
[EventRounds "7"]
[EventCountry "GER"]
[SourceTitle "CBM 213 Extra"]
[Source "ChessBase"]
[SourceDate "2023.05.31"]
[SourceVersion "1"]
[SourceVersionDate "2023.05.31"]
[SourceQuality "1"]

1. e4 c5 2. Nf3 d6 3. Bb5+ Bd7 4. Bxd7+ Nxd7 5. 0-0 Ngf6 6. Qe2 e6 7. b3 Be7 8. Bb2 0-0 9. c4 Qb6 10. Nc3 Ne5 11. d3 Rad8 12. Nd2 Nc6 13. f4 Nb4 14. Nf3 Rfe8 15. Rad1 d5 16. e5 Ng4 17. cxd5 Nxd5 18. Nxd5 Rxd5 19. Nd2 Nh6 20. Nc4 Qa6 21. Ne3 Rd7 22. f5 exf5 23. Nxf5 Nxf5 24. Rxf5 g6 25. e6 Qxe6 26. Re5 Qd6 27. Re1 f6 28. Re6 Qxd3 29. Qxd3 Rxd3 30. Rxe7 Rxe7 31. Rxe7 Rd1+ 32. Kf2 Rd2+ 33. Re2 Rd6 34. Bc3 Kf7 35. Rd2 Ra6 36. Ke3 Ke6 37. g4 b5 38. Ke4 b4 39. Ba1 c4 40. bxc4 b3 41. Rf2 f5+ 42. gxf5+ gxf5+ 43. Kf4 bxa2 44. Re2+ Kd6 45. Kxf5 1-0

[Event "Werther Schloss op 26th"]
[Site "Werther"]
[Date "2023.04.01"]
[Round "5"]
[White "Golubka, Petr"]
[Black "Fuellgrabe, Thomas"]
[Result "1-0"]
[WhiteElo "2360"]
[BlackElo "2207"]
[PlyCount "207"]
[EventDate "2023.03.30"]
[EventType "swiss"]
[EventRounds "7"]
[EventCountry "GER"]
[SourceTitle "CBM 213 Extra"]
[Source "ChessBase"]
[SourceDate "2023.05.31"]
[SourceVersion "1"]
[SourceVersionDate "2023.05.31"]
[SourceQuality "1"]

1. e4 e5 2. Qh5 Nc6 3. Bc4 g6 4. Qe2 Bg7 5. c3 d6 6. d3 Nf6 7. Bg5 h6 8. Bh4 0-0 9. h3 Qe8 10. Bxf6 Bxf6 11. a3 Bg7 12. Nf3 Kh8 13. Nbd2 Be6 14. 0-0-0 Na5 15. Bxe6 Qxe6 16. h4 c5 17. Nc4 Nc6 18. a4 Rab8 19. h5 g5 20. Nfd2 b5 21. axb5 Rxb5 22. g4 Rfb8 23. Kc2 Bf8 24. Ra1 Qc8 25. Rhb1 Qb7 26. Qf3 Kg7 27. Ra2 a5 28. Kd1 Qc7 29. Rba1 Qd8 30. Nf1 Ra8 31. Nfe3 Ne7 32. Ke1 Ra7 33. Kf1 Ra8 34. Kg2 Ra7 35. Ra4 Ra8 36. Kh3 Qb8 37. R1a2 Ra6 38. Qe2 Nc6 39. Nd5 Ra7 40. Qf3 Be7 41. Qe3 Rd7 42. Qe2 Bd8 43. R4a3 Rdb7 44. Kh2 Rd7 45. Qf3 Rdb7 46. Qf5 Ra7 47. Nde3 Ne7 48. Qf3 Rab7 49. Kg1 Ra7 50. Nf5+ Nxf5 51. exf5 Ra6 52. Kg2 Kf6 53. Qe4 Qb7 54. f3 Bc7 55. Qxb7 Rxb7 56. Ne3 Ke7 57. Kf1 Kd7 58. f6 Bd8 59. Ke1 Bxf6 60. Kd1 Bg7 61. Rxa5 Rab6 62. Nf5 Bf8 63. Ra8 Rb8 64. Rxb8 Rxb8 65. Kc2 Ke6 66. Ra7 Rc8 67. Rb7 Rd8 68. b4 cxb4 69. cxb4 d5 70. Rb6+ Kd7 71. d4 e4 72. fxe4 dxe4 73. Kd2 Ra8 74. Ke3 Ra1 75. Rb7+ Kc6 76. Rb8 Bd6 77. Nxd6 Kxd6 78. Kxe4 Re1+ 79. Kd3 Rg1 80. Rd8+ Kc6 81. Rc8+ Kd5 82. Rc5+ Kd6 83. b5 Rxg4 84. b6 Rg3+ 85. Kc4 Rg1 86. Rf5 Rb1 87. Rb5 Rc1+ 88. Kd3 Rc8 89. Ke4 Ke6 90. b7 Rb8 91. Rb6+ Kd7 92. Ke5 Kc7 93. Rxh6 Kxb7 94. Rh7 Kc6 95. Rxf7 Re8+ 96. Kf5 g4 97. Kxg4 Kd5 98. Kf5 Kxd4 99. h6 Re1 100. h7 Rh1 101. Rd7+ Ke3 102. Kg6 Rg1+ 103. Kf7 Rh1 104. Kg8 1-0

[Event "Ruhrgebiet Regionalliga 1819"]
[Site "Nordrheinwestfalen"]
[Date "2019.05.19"]
[Round "10.1"]
[White "Villwock, Martin"]
[Black "Fuellgrabe, Thomas"]
[Result "0-1"]
[WhiteElo "2162"]
[BlackElo "2232"]
[PlyCount "68"]
[EventDate "2018.09.02"]
[EventType "team-tourn"]
[EventRounds "11"]
[EventCountry "GER"]
[SourceTitle "EXT 2022"]
[Source "ChessBase"]
[SourceDate "2021.10.06"]
[SourceVersion "1"]
[SourceVersionDate "2021.10.06"]
[SourceQuality "1"]
[WhiteTeam "Essen Katernberg II"]
[BlackTeam "Welper SV"]
[WhiteTeamCountry "GER"]
[BlackTeamCountry "GER"]

1. e4 e5 2. f4 exf4 3. Nf3 Nf6 4. e5 Nh5 5. Be2 d6 6. 0-0 Nc6 7. d4 g6 8. Nc3 Bg7 9. exd6 cxd6 10. d5 Ne5 11. Nxe5 dxe5 12. Bxh5 gxh5 13. Qxh5 Qb6+ 14. Kh1 Qg6 15. Qxg6 hxg6 16. Nb5 0-0 17. Nc7 Rb8 18. b3 Bf5 19. Ba3 Rfd8 20. c4 e4 21. c5 Bxa1 22. Rxa1 e3 23. d6 Be4 24. Rc1 g5 25. Bb2 g4 26. Bd4 Bc6 27. Kg1 Re8 28. b4 Re4 29. Bc3 Rc4 30. b5 Be4 31. d7 Rxc5 32. Ne8 f5 33. Kf1 Bd3+ 34. Ke1 f3 0-1

[Event "Ruhrgebiet Regionalliga 1718"]
[Site "Germany"]
[Date "2017.12.10"]
[Round "4.2"]
[White "Baerwolf, Steven"]
[Black "Fuellgrabe, Thomas"]
[Result "1-0"]
[WhiteElo "2175"]
[BlackElo "2223"]
[PlyCount "197"]
[EventDate "2017.10.01"]
[EventType "team-tourn"]
[EventRounds "9"]
[EventCountry "GER"]
[SourceTitle "EXT 2022"]
[Source "ChessBase"]
[SourceDate "2021.10.06"]
[SourceVersion "1"]
[SourceVersionDate "2021.10.06"]
[SourceQuality "1"]
[WhiteTeam "Horst Emscher"]
[BlackTeam "Welper SV"]
[WhiteTeamCountry "GER"]
[BlackTeamCountry "GER"]

1. e4 e5 2. Nf3 Nc6 3. Bb5 a6 4. Ba4 Nf6 5. 0-0 Be7 6. Re1 b5 7. Bb3 d6 8. c3 0-0 9. h3 Nb8 10. d4 Nbd7 11. Nbd2 Bb7 12. Qc2 exd4 13. cxd4 c5 14. a4 d5 15. e5 Ne4 16. Bxd5 Bxd5 17. Nxe4 cxd4 18. axb5 axb5 19. Rxa8 Qxa8 20. Nxd4 Rc8 21. Nc3 b4 22. Qf5 bxc3 23. Qxd7 Bb4 24. e6 fxe6 25. Nxe6 Qb7 26. Qxb7 Bxb7 27. bxc3 Bxc3 28. Rd1 Bf6 29. Be3 Ra8 30. Bd4 Kf7 31. Bxf6 Kxe6 32. Bg5 Bd5 33. Re1+ Kf7 34. Re7+ Kf8 35. Rd7 Be6 36. Rc7 Ra5 37. Be7+ Kg8 38. Bb4 Rd5 39. Re7 Bf7 40. Bc3 Rd6 41. Rc7 h6 42. f4 Rd1+ 43. Kf2 Rc1 44. g4 Rh1 45. Kg2 Bd5+ 46. Kg3 Bf7 47. f5 Rg1+ 48. Kf2 Rh1 49. Kg2 Bd5+ 50. Kg3 Rg1+ 51. Kf2 Rg2+ 52. Kf1 Rg3 53. Rxg7+ Kf8 54. Rc7 Rxh3 55. f6 Rf3+ 56. Ke2 Rf4 57. Rg7 Be6 58. Bb2 Bxg4+ 59. Ke3 Rf3+ 60. Ke4 Bh5 61. Be5 Rf1 62. Bd6+ Ke8 63. Re7+ Kf8 64. Re5+ Kf7 65. Rxh5 Rxf6 66. Bf4 Ra6 67. Bxh6 Ra4+ 68. Kf3 Kg6 69. Rh1 Kf5 70. Be3 Ra3 71. Rh5+ Kg6 72. Rd5 Ra4 73. Bd4 Kf7 74. Ke4 Ke6 75. Rb5 Ra2 76. Rb6+ Kd7 77. Kd5 Rd2 78. Rb7+ Kc8 79. Rh7 Rd1 80. Kc5 Rc1+ 81. Kb5 Rc7 82. Rh6 Rd7 83. Bc5 Rf7 84. Kc6 Rc7+ 85. Kd5 Rd7+ 86. Bd6 Rg7 87. Kc6 Rc7+ 88. Kd5 Rg7 89. Rh8+ Kd7 90. Ra8 Rf7 91. Rb8 Rf5+ 92. Be5 Rf7 93. Ra8 Rf2 94. Ra7+ Kc8 95. Rc7+ Kd8 96. Ke6 Rd2 97. Rc3 Re2 98. Rc1 Re3 99. Rb1 1-0

[Event "Ruhrgebiet Regionalliga 1718"]
[Site "Germany"]
[Date "2017.10.22"]
[Round "2.2"]
[White "Wichtrup, Jan Louis"]
[Black "Fuellgrabe, Thomas"]
[Result "1/2-1/2"]
[WhiteElo "1972"]
[BlackElo "2223"]
[PlyCount "66"]
[EventDate "2017.10.01"]
[EventType "team-tourn"]
[EventRounds "9"]
[EventCountry "GER"]
[SourceTitle "EXT 2022"]
[Source "ChessBase"]
[SourceDate "2021.10.06"]
[SourceVersion "1"]
[SourceVersionDate "2021.10.06"]
[SourceQuality "1"]
[WhiteTeam "Dortmund SV"]
[BlackTeam "Welper SV"]
[WhiteTeamCountry "GER"]
[BlackTeamCountry "GER"]

1. Nf3 d5 2. d4 Nf6 3. c4 e6 4. cxd5 exd5 5. Nc3 c6 6. Bg5 Be7 7. Qc2 Nbd7 8. e3 h6 9. Bh4 Nh5 10. Bxe7 Qxe7 11. Be2 Nhf6 12. 0-0 Nb6 13. Ne5 Nfd7 14. Nxd7 Bxd7 15. e4 dxe4 16. Qxe4 Qxe4 17. Nxe4 0-0 18. Nc5 Rab8 19. Bf3 Rfd8 20. Rfe1 Be6 21. Nxe6 fxe6 22. Rad1 Rd6 23. Bg4 Kf7 24. Re3 Nd5 25. Rf3+ Ke7 26. Ra3 a6 27. g3 Rbd8 28. Rb3 R8d7 29. Re1 b5 30. f4 Kf6 31. a3 Ne7 32. Rbe3 Nf5 33. Bxf5 exf5 1/2-1/2

[Event "Ruhrgebiet Regionalliga 1617"]
[Site "Germany"]
[Date "2017.03.19"]
[Round "8.1"]
[White "Fuellgrabe, Thomas"]
[Black "Mallee, Ralph"]
[Result "1/2-1/2"]
[WhiteElo "2264"]
[BlackElo "2103"]
[PlyCount "93"]
[EventDate "2016.09.11"]
[EventType "team-tourn"]
[EventRounds "9"]
[EventCountry "GER"]
[SourceTitle "EXT 2022"]
[Source "ChessBase"]
[SourceDate "2021.10.06"]
[SourceVersion "1"]
[SourceVersionDate "2021.10.06"]
[SourceQuality "1"]
[WhiteTeam "Welper SV"]
[BlackTeam "Dortmund SV"]
[WhiteTeamCountry "GER"]
[BlackTeamCountry "GER"]

1. e4 e5 2. Nf3 Nc6 3. d4 exd4 4. Nxd4 Qf6 5. Nxc6 Bc5 6. Qf3 bxc6 7. Nd2 d5 8. exd5 Qxf3 9. Nxf3 cxd5 10. Bb5+ Bd7 11. Bxd7+ Kxd7 12. Ne5+ Ke6 13. Nd3 Bd6 14. Be3 f5 15. 0-0-0 Nf6 16. Nf4+ Bxf4 17. Bxf4 c6 18. Rd3 Rhe8 19. Re1+ Kd7 20. Rxe8 Rxe8 21. Ra3 Re1+ 22. Kd2 Rg1 23. Rxa7+ Ke6 24. Rxg7 Nh5 25. Rxh7 Nxf4 26. Rh6+ Ke5 27. g3 Ne6 28. f4+ Kd6 29. a4 Kd7 30. b4 Ra1 31. a5 c5 32. c3 Ra2+ 33. Kc1 cxb4 34. cxb4 d4 35. Rh5 Ra4 36. Rxf5 Rxb4 37. h4 Kd6 38. h5 d3 39. h6 Nd4 40. Rf6+ Kd5 41. Rb6 Rc4+ 42. Kd1 Rc2 43. Rb8 Rh2 44. h7 Rxh7 45. Kd2 Nc6 46. Rb6 Rg7 47. Kxd3 1/2-1/2

[Event "Ruhrgebiet Regionalliga 1617"]
[Site "Germany"]
[Date "2017.02.05"]
[Round "6.1"]
[White "Kartsev, Soel"]
[Black "Fuellgrabe, Thomas"]
[Result "1-0"]
[WhiteElo "2163"]
[BlackElo "2264"]
[PlyCount "61"]
[EventDate "2016.09.11"]
[EventType "team-tourn"]
[EventRounds "9"]
[EventCountry "GER"]
[SourceTitle "EXT 2022"]
[Source "ChessBase"]
[SourceDate "2021.10.06"]
[SourceVersion "1"]
[SourceVersionDate "2021.10.06"]
[SourceQuality "1"]
[WhiteTeam "Sodingen/Castrop SK"]
[BlackTeam "Welper SV"]
[WhiteTeamCountry "GER"]
[BlackTeamCountry "GER"]

1. c4 e5 2. Nc3 Bb4 3. Nd5 Bc5 4. e3 c6 5. d4 cxd5 6. dxc5 Qa5+ 7. Bd2 Qxc5 8. Qg4 g6 9. cxd5 Qxd5 10. Nf3 Nc6 11. Bc4 Qc5 12. b4 Qe7 13. b5 d5 14. Qg3 dxc4 15. bxc6 f6 16. Qh4 Qc5 17. cxb7 Bxb7 18. 0-0 Bxf3 19. gxf3 Qd5 20. Bc3 Qxf3 21. Qxc4 Ne7 22. Bb4 h5 23. Rfd1 Rc8 24. Qb5+ Qc6 25. Qa5 Qe6 26. Bxe7 Kxe7 27. Qxa7+ Kf8 28. Rac1 Rxc1 29. Rxc1 Rg8 30. Qb7 Qf7 31. Rc8+ 1-0

[Event "Herne op 5th"]
[Site "Herne"]
[Date "2016.05.27"]
[Round "4"]
[White "Fuellgrabe, Thomas"]
[Black "Broszeit, Peter"]
[Result "1-0"]
[WhiteElo "2283"]
[BlackElo "1994"]
[PlyCount "43"]
[EventDate "2016.05.25"]
[EventType "swiss"]
[EventRounds "7"]
[EventCountry "GER"]
[SourceTitle "CBM 172 Extra"]
[Source "ChessBase"]
[SourceDate "2016.06.21"]
[SourceVersion "1"]
[SourceVersionDate "2016.06.21"]
[SourceQuality "1"]

1. e4 e6 2. d4 d5 3. Nd2 Nf6 4. e5 Nfd7 5. Bd3 c5 6. c3 Nc6 7. Ne2 Qb6 8. Nf3 cxd4 9. cxd4 f6 10. 0-0 fxe5 11. dxe5 Ndxe5 12. Nxe5 Nxe5 13. Be3 Bc5 14. Nf4 g6 15. Nxd5 exd5 16. Bb5+ Qxb5 17. Qxd5 Nd3 18. Rfe1 Qd7 19. Bxc5+ Nxe1 20. Rxe1+ Kd8 21. Be7+ Kc7 22. Qe5+ 1-0

[Event "Ruhrgebiet Regionalliga 1516"]
[Site "Germany"]
[Date "2016.05.01"]
[Round "9.1"]
[White "Fuellgrabe, Thomas"]
[Black "Ozerov, Ilja"]
[Result "1-0"]
[WhiteElo "2253"]
[BlackElo "2153"]
[PlyCount "59"]
[EventDate "2015.09.13"]
[EventType "team-tourn"]
[EventRounds "9"]
[EventCountry "GER"]
[SourceTitle "EXT 2022"]
[Source "ChessBase"]
[SourceDate "2021.10.06"]
[SourceVersion "1"]
[SourceVersionDate "2021.10.06"]
[SourceQuality "1"]
[WhiteTeam "Welper SV"]
[BlackTeam "Muelheim Nord III"]
[WhiteTeamCountry "GER"]
[BlackTeamCountry "GER"]

1. e4 d5 2. exd5 Nf6 3. Nf3 Bg4 4. d4 Qxd5 5. Be2 Nc6 6. h3 Bxf3 7. Bxf3 Qf5 8. c3 h5 9. Qb3 0-0-0 10. Bxc6 bxc6 11. Be3 e5 12. Nd2 exd4 13. cxd4 Qd5 14. 0-0 c5 15. dxc5 Bxc5 16. Bxc5 Qxc5 17. Rfc1 Qd5 18. Qc3 Rd7 19. Nc4 Re8 20. Qa3 Qd4 21. Qa6+ Kb8 22. Rc3 Re6 23. Rb3+ Rb6 24. Nxb6 axb6 25. Ra3 Qd5 26. Qa7+ Kc8 27. Rd3 Qa5 28. Qxa5 bxa5 29. Rxd7 Kxd7 30. Rd1+ 1-0

[Event "Ruhrgebiet Regionalliga 1516"]
[Site "Germany"]
[Date "2016.02.07"]
[Round "6.2"]
[White "Fuellgrabe, Thomas"]
[Black "Ueter, Heinz Dieter"]
[Result "1-0"]
[WhiteElo "2252"]
[BlackElo "2107"]
[PlyCount "35"]
[EventDate "2015.09.13"]
[EventType "team-tourn"]
[EventRounds "9"]
[EventCountry "GER"]
[SourceTitle "EXT 2022"]
[Source "ChessBase"]
[SourceDate "2021.10.06"]
[SourceVersion "1"]
[SourceVersionDate "2021.10.06"]
[SourceQuality "1"]
[WhiteTeam "Welper SV"]
[BlackTeam "Ahlen SV"]
[WhiteTeamCountry "GER"]
[BlackTeamCountry "GER"]

1. e4 g6 2. d4 Bg7 3. Nc3 d6 4. f4 a6 5. Nf3 b5 6. Bd3 Bb7 7. a4 b4 8. Ne2 Nd7 9. 0-0 Ngf6 10. Ng3 e6 11. Bd2 c5 12. e5 dxe5 13. fxe5 Ng4 14. Be4 Bxe4 15. Nxe4 0-0 16. h3 Nh6 17. dxc5 Qc7 18. Bxh6 1-0

[Event "GER-ch 86th"]
[Site "Saarbruecken"]
[Date "2015.12.09"]
[Round "7"]
[White "Fuellgrabe, Thomas"]
[Black "Stips, Felix"]
[Result "1/2-1/2"]
[WhiteElo "2244"]
[BlackElo "2319"]
[PlyCount "119"]
[EventDate "2015.12.03"]
[EventType "swiss"]
[EventRounds "9"]
[EventCountry "GER"]
[SourceTitle "CBM 169 Extra"]
[Source "ChessBase"]
[SourceDate "2015.12.18"]
[SourceVersion "1"]
[SourceVersionDate "2015.12.18"]
[SourceQuality "1"]

1. e4 d5 2. exd5 Qxd5 3. Nc3 Qd6 4. d4 Nf6 5. Nf3 c6 6. Ne5 Nbd7 7. Nc4 Qc7 8. Qf3 Nb6 9. Bf4 Qd8 10. h3 Nxc4 11. Bxc4 Qxd4 12. Bb3 e6 13. Rd1 Qc5 14. 0-0 Be7 15. Rfe1 0-0 16. Re5 Qb6 17. Qg3 Kh8 18. Rg5 h6 19. Bc7 Qb4 20. a3 Qxc3 21. bxc3 Ne4 22. Qe3 Nxg5 23. a4 Re8 24. a5 a6 25. c4 Nh7 26. c5 Nf6 27. c4 Nd7 28. Bd6 Bd8 29. Bc2 Bxa5 30. Qd3 f5 31. Qf3 Nf6 32. Be5 Bd8 33. Bxf6 Bxf6 34. Qh5 Rf8 35. Qg6 a5 36. g4 a4 37. f4 Be7 38. g5 Bxc5+ 39. Kh1 hxg5 40. fxg5 Be3 41. h4 a3 42. Bb3 a2 43. Bxa2 Rxa2 44. h5 Bf4 45. h6 Rh2+ 46. Kg1 Rxh6 47. gxh6 Bxh6 48. Kf2 b5 49. c5 b4 50. Rb1 Bd2 51. Rh1+ Bh6 52. Rh4 f4 53. Rh3 e5 54. Rb3 Bf5 55. Qd6 g6 56. Rxb4 e4 57. Rb7 e3+ 58. Ke1 f3 59. Qd4+ Kg8 60. Qc4+ 1/2-1/2

[Event "GER-ch 86th"]
[Site "Saarbruecken"]
[Date "2015.12.08"]
[Round "6"]
[White "Tschann, Stephan"]
[Black "Fuellgrabe, Thomas"]
[Result "0-1"]
[WhiteElo "2262"]
[BlackElo "2244"]
[PlyCount "78"]
[EventDate "2015.12.03"]
[EventType "swiss"]
[EventRounds "9"]
[EventCountry "GER"]
[SourceTitle "CBM 169 Extra"]
[Source "ChessBase"]
[SourceDate "2015.12.18"]
[SourceVersion "1"]
[SourceVersionDate "2015.12.18"]
[SourceQuality "1"]

1. Nf3 Nf6 2. c4 g6 3. Nc3 Bg7 4. e4 d6 5. d4 0-0 6. Be2 Bg4 7. Be3 Nfd7 8. Rc1 a6 9. Ng1 Bxe2 10. Ngxe2 c5 11. 0-0 Nc6 12. b3 Qa5 13. d5 Na7 14. Qd2 b5 15. Bh6 bxc4 16. Bxg7 Kxg7 17. Qg5 f6 18. Qh4 cxb3 19. axb3 Nb5 20. Nxb5 axb5 21. Rc3 Rf7 22. Rh3 Kg8 23. Nf4 Nf8 24. Ne6 Nxe6 25. dxe6 Rg7 26. e5 fxe5 27. Qe4 Rf8 28. Rf3 Rxf3 29. Qxf3 h6 30. h4 Kh7 31. h5 gxh5 32. Qf5+ Kg8 33. Qe4 Qb4 34. Qc2 Qg4 35. f4 exf4 36. Qe4 f3 37. Qa8+ Kh7 38. Rf2 fxg2 39. Qd5 Qg6 0-1

[Event "GER-ch 86th"]
[Site "Saarbruecken"]
[Date "2015.12.05"]
[Round "3"]
[White "Fuellgrabe, Thomas"]
[Black "Mueller, Nick"]
[Result "1/2-1/2"]
[WhiteElo "2244"]
[BlackElo "2175"]
[PlyCount "63"]
[EventDate "2015.12.03"]
[EventType "swiss"]
[EventRounds "9"]
[EventCountry "GER"]
[SourceTitle "CBM 169 Extra"]
[Source "ChessBase"]
[SourceDate "2015.12.18"]
[SourceVersion "1"]
[SourceVersionDate "2015.12.18"]
[SourceQuality "1"]

1. e4 e5 2. Nf3 Nc6 3. Nc3 Nf6 4. d4 exd4 5. Nxd4 Bb4 6. Nxc6 bxc6 7. Bd3 d5 8. exd5 0-0 9. 0-0 cxd5 10. Bg5 c6 11. Qf3 Bd6 12. Rae1 h6 13. Bxf6 Qxf6 14. Qxf6 gxf6 15. Nd1 Rb8 16. b3 Bd7 17. Ne3 Rfe8 18. Nf5 Bxf5 19. Bxf5 Bb4 20. Rxe8+ Rxe8 21. Rd1 c5 22. g4 d4 23. Kg2 Kf8 24. Kf3 Re5 25. Kf4 Be1 26. Kf3 Bc3 27. Bd3 Kg7 28. Kf4 Be1 29. Kf3 Bc3 30. Kf4 Be1 31. Kf3 Bc3 32. Kf4 1/2-1/2

[Event "GER-ch 86th"]
[Site "Saarbruecken"]
[Date "2015.12.03"]
[Round "1"]
[White "Fuellgrabe, Thomas"]
[Black "Bischoff, Klaus"]
[Result "0-1"]
[WhiteElo "2244"]
[BlackElo "2497"]
[PlyCount "120"]
[EventDate "2015.12.03"]
[EventType "swiss"]
[EventRounds "9"]
[EventCountry "GER"]
[SourceTitle "CBM 169 Extra"]
[Source "ChessBase"]
[SourceDate "2015.12.18"]
[SourceVersion "1"]
[SourceVersionDate "2015.12.18"]
[SourceQuality "1"]

1. e4 c5 2. Nf3 e6 3. g3 Nc6 4. Bg2 Nf6 5. d3 d5 6. Qe2 Be7 7. 0-0 0-0 8. e5 Ne8 9. c4 Nc7 10. Nc3 Rb8 11. a4 Na6 12. Rd1 Nab4 13. d4 b6 14. Be3 Ba6 15. Nb5 Na5 16. cxd5 Nxd5 17. Rac1 Qd7 18. Bg5 Nb3 19. Rc4 Bxb5 20. axb5 Bxg5 21. Nxg5 Nxd4 22. Rcxd4 cxd4 23. Qe4 g6 24. Qh4 f6 25. exf6 Nxf6 26. Bh3 Rbe8 27. Rxd4 Qxb5 28. Qh6 Qe2 29. Rd7 Qxf2+ 30. Kxf2 Ng4+ 31. Kg1 Nxh6 32. Bxe6+ Rxe6 33. Nxe6 Re8 34. Ng5 Nf5 35. Rxa7 h6 36. Nf7 Re2 37. b4 h5 38. Rb7 Ne3 39. Ng5 Rg2+ 40. Kh1 Rb2 41. Kg1 Rxb4 42. Ne6 Rb1+ 43. Kf2 Ng4+ 44. Kf3 Rf1+ 45. Ke4 Nf6+ 46. Ke5 Rf5+ 47. Kd4 Rd5+ 48. Kc4 Rd6 49. Ng5 Nd7 50. Ne4 Re6 51. Rxd7 Rxe4+ 52. Kd5 Re2 53. Rb7 Rxh2 54. Rxb6 Kg7 55. Ke5 Rf2 56. Ra6 Rf3 57. g4 hxg4 58. Ra4 Rf5+ 59. Ke4 Kh6 60. Ke3 Kg5 0-1

[Event "Goch op 26th"]
[Site "Goch"]
[Date "2015.09.05"]
[Round "5"]
[White "Fuellgrabe, Thomas"]
[Black "Guenther, Lars"]
[Result "1-0"]
[WhiteElo "2241"]
[BlackElo "2086"]
[PlyCount "59"]
[EventDate "2015.09.03"]
[EventType "swiss"]
[EventRounds "7"]
[EventCountry "GER"]
[SourceTitle "EXT 2018"]
[Source "ChessBase"]
[SourceDate "2017.10.13"]
[SourceVersion "1"]
[SourceVersionDate "2017.10.13"]
[SourceQuality "1"]

1. e4 Nf6 2. e5 Nd5 3. c4 Nb6 4. d4 d6 5. exd6 exd6 6. Nc3 Nc6 7. h3 Be7 8. Nf3 0-0 9. Be2 Bf5 10. 0-0 Bf6 11. Be3 d5 12. c5 Nc4 13. Bxc4 dxc4 14. Qa4 Nxd4 15. Nxd4 Bxd4 16. Rfd1 Bd3 17. Rxd3 cxd3 18. Bxd4 Re8 19. Rd1 Qg5 20. Rxd3 Qc1+ 21. Rd1 Re1+ 22. Rxe1 Qxe1+ 23. Kh2 c6 24. Be3 Qf1 25. Qd4 Qa6 26. a4 Qa5 27. Ne4 Rd8 28. Qe5 Qxa4 29. Nd6 Qb3 30. Nf5 1-0

[Event "Goch op 26th"]
[Site "Goch"]
[Date "2015.09.04"]
[Round "3"]
[White "Fuellgrabe, Thomas"]
[Black "Van Foreest, Machteld"]
[Result "1-0"]
[WhiteElo "2241"]
[BlackElo "1516"]
[PlyCount "61"]
[EventDate "2015.09.03"]
[EventType "swiss"]
[EventRounds "7"]
[EventCountry "GER"]
[SourceTitle "EXT 2018"]
[Source "ChessBase"]
[SourceDate "2017.10.13"]
[SourceVersion "1"]
[SourceVersionDate "2017.10.13"]
[SourceQuality "1"]

1. e4 e5 2. Nf3 Nc6 3. Bc4 Bc5 4. 0-0 d6 5. c3 Bg4 6. d3 Nf6 7. Nbd2 h5 8. Qb3 Na5 9. Bxf7+ Kf8 10. Qa4 Bd7 11. Qxa5 Kxf7 12. Nxe5+ Kg8 13. Nxd7 Qxd7 14. d4 Bb6 15. Qf5 Qf7 16. Nf3 g6 17. Qf4 Rf8 18. e5 dxe5 19. Nxe5 Qh7 20. Qg5 Kg7 21. Re1 c5 22. Be3 cxd4 23. Bxd4 Bxd4 24. cxd4 h4 25. Rac1 Nd5 26. Ng4 Rf5 27. Re7+ Nxe7 28. Qxe7+ Rf7 29. Qe5+ Kg8 30. Rc8+ Rf8 31. Nf6+ 1-0

[Event "Ruhrgebiet Regionalliga 1415"]
[Site "Germany"]
[Date "2015.01.25"]
[Round "5.1"]
[White "Fuellgrabe, Thomas"]
[Black "Fluechter, Gregor"]
[Result "0-1"]
[WhiteElo "2326"]
[BlackElo "2147"]
[PlyCount "62"]
[EventDate "2014.09.28"]
[EventType "team-tourn"]
[EventRounds "9"]
[EventCountry "GER"]
[SourceTitle "EXT 2022"]
[Source "ChessBase"]
[SourceDate "2021.10.06"]
[SourceVersion "1"]
[SourceVersionDate "2021.10.06"]
[SourceQuality "1"]
[WhiteTeam "Welper SV"]
[BlackTeam "Brackel SF"]
[WhiteTeamCountry "GER"]
[BlackTeamCountry "GER"]

1. e4 c5 2. Nf3 d6 3. Bc4 Nf6 4. d3 e6 5. Bb3 Be7 6. 0-0 0-0 7. Re1 Nc6 8. c3 d5 9. e5 Nd7 10. d4 c4 11. Bc2 b5 12. Nbd2 b4 13. Nf1 a5 14. Ng3 Re8 15. Qd2 f5 16. exf6 Bxf6 17. Nh5 e5 18. dxe5 Ndxe5 19. Nxf6+ Qxf6 20. Ng5 Bf5 21. Bxf5 Qxf5 22. Qxd5+ Nf7 23. Qd1 Nxg5 24. Bxg5 Qxg5 25. Qd7 Ne5 26. Qd5+ Kh8 27. Re3 Rad8 28. Qe4 Qf6 29. Rae1 Rf8 30. f4 Ng4 31. Rh3 Qb6+ 0-1

[Event "NRW-ch"]
[Site "Solingen"]
[Date "2014.10.15"]
[Round "5"]
[White "Chilla, Jan Eric"]
[Black "Fuellgrabe, Thomas"]
[Result "0-1"]
[WhiteElo "2183"]
[BlackElo "2256"]
[PlyCount "106"]
[EventDate "2014.10.11"]
[EventType "swiss"]
[EventRounds "7"]
[EventCountry "GER"]
[SourceTitle "EXT 2016"]
[Source "ChessBase"]
[SourceDate "2015.10.08"]
[SourceVersion "1"]
[SourceVersionDate "2015.10.08"]
[SourceQuality "1"]

1. Nf3 Nf6 2. g3 g6 3. Bg2 Bg7 4. 0-0 0-0 5. d4 d6 6. c4 Nc6 7. Nc3 a6 8. d5 Na5 9. b3 Rb8 10. Bb2 b5 11. cxb5 axb5 12. Nd4 b4 13. Na4 e5 14. dxe6 fxe6 15. Nc6 Nxc6 16. Bxc6 e5 17. Rc1 Bh3 18. Bg2 Bd7 19. Qc2 c5 20. Rcd1 Qc7 21. f4 c4 22. fxe5 dxe5 23. Rxd7 Nxd7 24. Bd5+ Kh8 25. bxc4 Qa7+ 26. c5 Rxf1+ 27. Kxf1 Nxc5 28. Nxc5 Rc8 29. Qe4 Qxc5 30. Bxe5 Rf8+ 31. Kg2 Qf2+ 32. Kh3 Qf1+ 33. Kh4 Bf6+ 34. Bxf6+ Qxf6+ 35. Kg4 h5+ 36. Kh3 Qf5+ 37. Kh4 Qf6+ 38. Kh3 Qf5+ 39. Kh4 Qxe4+ 40. Bxe4 Kg7 41. Bf3 Rf5 42. Be4 Rf2 43. Bf3 Rxh2+ 44. Kg5 Rh3 45. Kf4 Kf6 46. Bg2 Rh2 47. Bf3 g5+ 48. Ke3 g4 49. Bc6 Kg5 50. Bb5 Rg2 51. Kd4 Rxg3 52. Kc4 Ra3 53. Kxb4 Rxa2 0-1

[Event "NRW Verbandsliga Group1 1314"]
[Site "Nordrheinwestfalen"]
[Date "2013.11.03"]
[Round "3"]
[White "Wolter, Detlef"]
[Black "Fuellgrabe, Thomas"]
[Result "0-1"]
[WhiteElo "2166"]
[BlackElo "2323"]
[PlyCount "30"]
[EventDate "2013.09.08"]
[EventType "team-tourn"]
[EventRounds "9"]
[EventCountry "GER"]
[SourceTitle "EXT 2020"]
[Source "ChessBase"]
[SourceDate "2019.10.17"]
[SourceVersion "1"]
[SourceVersionDate "2019.10.17"]
[SourceQuality "1"]
[WhiteTeam "Hoentrop SG"]
[BlackTeam "Welper SV"]
[WhiteTeamCountry "GER"]
[BlackTeamCountry "GER"]

1. d4 Nf6 2. Bg5 Ne4 3. Bf4 d5 4. e3 c5 5. Nd2 Qb6 6. Nxe4 dxe4 7. dxc5 Qxb2 8. Qd4 Qa3 9. Bb5+ Bd7 10. Bxd7+ Nxd7 11. c6 bxc6 12. Rd1 Qa5+ 13. Rd2 Rd8 14. Ne2 e5 15. Qc4 Qxd2+ 0-1